El misterio de la carretera de Cintra /

José María Eça de Queiroz, nacido en 1845 y muerto en 1900, inició la publicación de sus obras de mayor relevancia en 1875 con la novela El crimen del padre Amaro, a la que seguiría tres años más tarde El primo Basilio. La primera fue llevada al cine en 2002, por el mexicano Carlos Carrera. Eça de Q...

Volledige beschrijving

Bewaard in:
Bibliografische gegevens
Hoofdauteur: Eça de Queiroz, José María (autor)
Formaat: Boek
Taal:Spaans
Gepubliceerd in: Madrid, España : Biblioteca Nueva, 1902
Onderwerpen:
Tags: Voeg label toe
Geen labels, Wees de eerste die dit record labelt!

MARC

LEADER 00000nam^a2200000^a^4500
001 000011808
005 20250526000000.0
009 20260526113153.854
037 |a Acervo ITESO - Biblioteca 
041 |a ESP 
082 |a 869.  |b EÇA 
100 |a Eça de Queiroz, José María  |e (autor) 
240 1 4 |a [El misterio de la carretera de Cintra] 
245 1 3 |a El misterio de la carretera de Cintra /  |c J.M. Eça de Queiroz. 
264 1 |a Madrid, España :  |b Biblioteca Nueva,  |c 1902 
300 |a 271 p. ;  |c 18.5 cm. 
336 |a texto  |b txt  |2 rdacontenido 
337 |a sin mediación  |b n  |2 rdamedio 
338 |a volumen  |b nc  |2 rdasoporte 
520 |a José María Eça de Queiroz, nacido en 1845 y muerto en 1900, inició la publicación de sus obras de mayor relevancia en 1875 con la novela El crimen del padre Amaro, a la que seguiría tres años más tarde El primo Basilio. La primera fue llevada al cine en 2002, por el mexicano Carlos Carrera. Eça de Queiroz es calificado como el representante más importante del realismo en la literatura portuguesa. Otros de sus títulos son El mandarín (1880), La reliquia (1887), Los Maias (1888), La correspondencia de Fradique Mendes (1890), La ilustre casa de Ramires (1900) y los póstumos La ciudad y las sierras (1901) y La capital (publicada de modo póstumo en 1925). 
649 |a XX 
650 |a Novela Portuguesa 
650 |a Realismo en la Literatura -  |z Portugal 
650 |a Literatura Portuguesa -  |y Siglo XIX 
910 |a Fondo General 
920 |a Impresos - Libros 
930 |a Libros Antiguos y Raros 
940 |a Literatura 
905 |a 108 
901 |a 0118080100  |b IT2  |c LRA  |i 011808  |u 20250526 
902 |a https://opac.biblio.iteso.mx/vufind/Record/000011808